01247nam a22003017a 4500003000400000005001700004008004100021040002200062082001800084100002500102245003000127260006000157300002100217366000800238490002600246505006400272505005900336505016100395505001200556650005500568650004700623650004800670650004300718650004500761650005600806650004700862700003600909OSt20230616105319.0221006b |||||||| |||| 00| 0 eng d cBiblioteca Lado V a709.05bG851a aGriffin, Timeeditor aArtforum/bInternacional/ aNew Yorkc2011bNew York editorial and business offices c26.5x27cma314p. eeng aMayov2011x0864-1315 tCOLUMNSaPassages Books Media Film Music News Top Ten tPREVIEWSaSummer 2011 Exhibition From the Vault News tFEATURESaOpen Secret The Works of Art Into thin Air The Re-enchantment of the World Close Up Funny Games 1000 Words The Ultimate Ken Jacobs Openings tREVIEWS 2Tesauro de Arte & ArquitecturaaARTE COMTEMPORANEO 2Tesauro de Arte & ArquitecturaaFOTOGRAFIA 2Tesauro de Arte & ArquitecturaaARTE VISUAL 2Tesauro de Arte & ArquitecturaaLIBROS 2Tesauro de Arte & ArquitecturaaNOTICIAS 2 Tesauro de Arte & ArquitecturaaARTE INTERNACIONAL 2 Tesauro de Arte & ArquitecturaaESCULTURA aNavarreta, Jose Antonioeeditor